000 00382nam a2200145Ia 4500
005 20260328101453.0
008 260328s9999||||xx |||||||||||||| ||und||
100 _aBoullée, Etienne Louise
245 0 _aArquitectura :
_b Ensayo sobre el Arte /
_cEtienne Louise Boullée
250 _aOriginal
260 _bGustavo Gili
300 _a162 p.
650 _aARQUITECTURA
942 _cBK
999 _c8729
_d8729